| 000 | 00389nam a22001457a 4500 | ||
|---|---|---|---|
| 005 | 20180216144020.0 | ||
| 008 | 180216b xxu||||| |||| 00| 0 eng d | ||
| 040 | _cPK-LaUMT | ||
| 082 |
_aPKAC 320.95491 _bZAH-B |
||
| 100 | _aZaheer Ahmad | ||
| 245 |
_aBhutto raj kay akhri din/ _cZaheer Ahmad |
||
| 260 |
_aلاہور: _bمنزل پبلیکیشنز _c1977 |
||
| 300 | _a200 | ||
| 942 | _cBK | ||
| 999 |
_c103436 _d103436 |
||